01498nam a2200301Ia 4500001001200000003000800012006001900020007001500039008004100054010001700095020002200112040002100134035002000155050003200175082001600207110013000223245031600353260005500669300001700724504005100741533015200792650004100944650002000985655002901005710001701034856012601051999001901177ebr10055071CaPaEBRm u cr cn|||||||||920327s1992 dcu sb 001 0 eng d z 92010780  z0309045916 (v. 1) aCaPaEBRcCaPaEBR a(OCoLC)7077245414aQ180.55.M67bC66 v.1 1992eb04a174/.952202 aCommittee on Science, Engineering, and Public Policy (U.S.).bPanel on Scientific Responsibility and the Conduct of Research.10aResponsible scienceh[electronic resource] :bensuring the integrity of the research process.nVolume I. /cPanel on Scientific Responsibility and the Conduct of Research, Committee on Science, Engineering, and Public Policy, National Academy of Sciences, National Academy of Engineering, Institute of Medicine. aWashington, D.C. :bNational Academy Press,c1992. axxiv, 199 p. aIncludes bibliographical references and index. aElectronic reproduction.bPalo Alto, Calif. :cebrary,d2011.nAvailable via World Wide Web.nAccess may be limited to ebrary affiliated libraries. 0aResearchxMoral and ethical aspects. 0aResponsibility. 7aElectronic books.2local2 aebrary, Inc.40uhttp://site.ebrary.com/lib/rucke/Doc?id=10055071zAn electronic book accessible through the World Wide Web; click to view c165836d165836